Top Anime in Each Year - Statistics

General Stats
  • This quiz has been taken 144 times
  • The average score is 7 of 22
Answer Stats
Hint Answer % Correct
2019 - Naked large people eat clothed small people Attack on Titan Season 3 Part 2
89%
2000 - A boxing anime Fighting Spirit
74%
2016 - The highest rated sports anime of all time as of Winter 2022 Haikyu!! 3rd Season
72%
2011 - Microwaving bananas is the key to time travel Steins;Gate
59%
2004 - A renowned neurosurgeon gets caught up in a crime mystery Monster
39%
2009 - Often ends up finding itself in 'score wars' with other anime Fullmetal Alchemist: Brotherhood
38%
2006 - A comedy set in feudal Japan with aliens Gintama
37%
2012 - A sequel to a previous entry on the list Gintama: Enchousen
37%
2015 - The third time that this series has made this list Gintama Season 4
37%
2017 - The fourth time that this series has made the list Gintama Season 5
37%
2018 - The top two seasons of this year and the fifth time the series has made this list Gintama.: Silver Soul Arc - Second Half War
37%
2021 - People transform into animals and attempt to get over childhood trauma Fruits Basket: The Final
34%
2007 - The first mecha anime to feature on this list Gurren Lagann
28%
2020 - A historical military anime set in China Kingdom 3rd Season
21%
2013 - A show that the entries in the series all end in the Japanese word for tale/narrative/story Monogatari Series: Second Season
18%
2008 - The first romance anime to feature on this list Clannad: After Story
13%
2001 - About the game, Go Hikaru's Go
11%
2005 - A self proclaimed 'master' of something travels to research this thing and aid people against harms it can bring Mushishi
11%
2014 - The top two seasons in this year and a previous answer in this quiz Mushishi Zoku Shou 2nd Season
11%
2003 - Features a talking motorcycle Kino's Journey
4%
2010 - A college student is hurtled back through time to the beginning of his college years The Tatami Galaxy
4%
2002 - The series has a 2017 live action film Ghost in the Shell: Stand Alone Complex
3%
No matching quizzes found
Score Distribution
Percent of People with Each Score
Percentile by Number Answered
Your Score History
You have not taken this quiz